Sacred spaces : contemporary religious architecture

Bibliographic Details
Main Author: Pallister, James
Format: Book
Published: London : Phaidon Press Limited , 2015
Subjects:

MARC

LEADER 00000cam a2200000 7i4500
001 0000215336
005 20170515.0
020 |a 9780714868950 
090 0 0 |a 726   |b PAL 
100 1 |a Pallister, James 
245 1 0 |a Sacred spaces :   |b contemporary religious architecture   |c James Pallister 
260 |a London :   |b Phaidon Press Limited ,   |c 2015 
300 |a 239p. ;   |c 31cm. 
650 0 |a Architecture, Modern 
650 0 |a Religious architecture 
999 |a 00339141   |b BUKU   |c RUJUKAN   |e PERPUSTAKAAN KOMUNITI PETALING JAYA